[Event "Rottach Egern Seniors Cup 12th"]
[Site "Rottach Egern"]
[Date "2024.04.10"]
[Round "5"]
[White "Basener, Wolfgang"]
[Black "Farel, Edgard"]
[Result "0-1"]
[WhiteElo "1819"]
[BlackElo "1719"]
[PlyCount "88"]
[EventDate "2024.04.06"]
[EventType "swiss"]
[EventRounds "9"]
[EventCountry "GER"]
[SourceTitle "CB16_2024"]
[SourceDate "2024.04.17"]
[SourceVersion "1"]
[SourceVersionDate "2024.04.17"]
[SourceQuality "1"]

1. c4 c5 2. Nc3 Nc6 3. g3 Nf6 4. Bg2 e6 5. Nf3 Be7 6. b3 b6 7. d4 cxd4 8. Nxd4 Bb7 9. 0-0 a6 10. Bb2 Rb8 11. e3 Nxd4 12. Qxd4 Bc5 13. Qf4 Bxg2 14. Kxg2 Be7 15. Ne4 Rc8 16. Nd6+ Bxd6 17. Qxd6 Qc7 18. Qa3 a5 19. Rad1 Qc5 20. Qxc5 Rxc5 21. Bxf6 gxf6 22. Rd6 b5 23. cxb5 Rxb5 24. Rfd1 Rb7 25. Ra6 0-0 26. Rxa5 Rc8 27. Rd2 Kf8 28. Kf3 Kg7 29. Kg4 Kg6 30. e4 Rb4 31. Rxd7 Rxe4+ 32. Kf3 f5 33. Rd2 Rc3+ 34. Kg2 h5 35. Ra8 Kg7 36. f4 h4 37. gxh4 Rxf4 38. Rad8 Rxh4 39. R8d3 Rc8 40. a4 Rb8 41. a5 Rhb4 42. a6 R4b5 43. Ra2 Ra8 44. Rg3+ Kh7 0-1

[Event "Bad Wiessee Senioren Cup 8th"]
[Site "Bad Wiessee"]
[Date "2019.05.12"]
[Round "2"]
[White "Mehlhorn, Dieter"]
[Black "Basener, Wolfgang"]
[Result "0-1"]
[WhiteElo "1834"]
[BlackElo "1646"]
[PlyCount "132"]
[EventDate "2019.05.11"]
[EventType "swiss"]
[EventRounds "9"]
[EventCountry "GER"]
[SourceTitle "EXT 2020"]
[Source "ChessBase"]
[SourceDate "2019.10.17"]
[SourceVersion "1"]
[SourceVersionDate "2019.10.17"]
[SourceQuality "1"]

1. d4 e6 2. Nf3 Nf6 3. Nbd2 d5 4. e3 Nc6 5. c3 Bd6 6. Be2 Bd7 7. Qc2 Ne7 8. b3 Ng6 9. Bb2 Qe7 10. c4 Bb4 11. 0-0 c6 12. a3 Ba5 13. b4 Bc7 14. Ne5 0-0 15. f4 Ne8 16. Bd3 f5 17. Rf3 Nf6 18. cxd5 Nxd5 19. Rg3 Rf6 20. Re1 Nxe5 21. fxe5 Rg6 22. Rxg6 hxg6 23. Qd1 Kf7 24. Qf3 Rh8 25. Nf1 Qg5 26. Bc1 Qh4 27. g3 Qh3 28. Qg2 Qh7 29. Re2 Bd8 30. e4 Ne7 31. Nd2 Bb6 32. Nb3 Ng8 33. Nc5 Bc8 34. d5 Nh6 35. exf5 gxf5 36. d6 Bxc5+ 37. bxc5 Ke8 38. Bf4 Nf7 39. h4 Qh5 40. Rd2 Kd7 41. Be2 Qh7 42. Bf3 g6 43. Qf2 Qg8 44. Qe3 Qd8 45. Qc3 g5 46. hxg5 Nxg5 47. Bg2 Nh3+ 48. Bxh3 Rxh3 49. Rg2 b6 50. Be3 Ba6 51. cxb6 axb6 52. Qb3 Qh8 53. Kf2 Rh1 54. Bf4 Qh5 55. g4 Qh4+ 56. Qg3 Rf1+ 57. Ke3 Qh1 58. gxf5 Re1+ 59. Kf3 Be2+ 60. Ke3 Bg4+ 61. Kd4 c5+ 62. Kc3 Ra1 63. fxe6+ Kc6 64. Qxg4 Rxa3+ 65. Kb2 Qa1+ 66. Kc2 Qc3+ 0-1